Tragickosť a iracionálna krutosť líbyjskej vojny
Problém líbyjských povstalcov - dezorganizácia a neschopnosť skutočnej bojovej činnosti. Medzinárodné reakcie na priebeh vojny. Nezodpovedané otázky.
Saved in:
| Main Author: | |
|---|---|
| Format: | Book Chapter |
| Language: | Slovak |
| Subjects: | |
| Tags: |
No Tags, Be the first to tag this record!
|
MARC
| LEADER | 00000nla$a2200000$$$4500 | ||
|---|---|---|---|
| 001 | 0129242 | ||
| 005 | 20240502072501.7 | ||
| 041 | 0 | |a slo | |
| 044 | |a SK | ||
| 245 | 1 | 0 | |a Tragickosť a iracionálna krutosť líbyjskej vojny |c František Škvrnda |
| 520 | |a Problém líbyjských povstalcov - dezorganizácia a neschopnosť skutočnej bojovej činnosti. Medzinárodné reakcie na priebeh vojny. Nezodpovedané otázky. | ||
| 610 | 2 | 0 | |a vojny |
| 610 | 2 | 0 | |a revolúcia |
| 610 | 2 | 0 | |a bezpečnosť |
| 610 | 2 | 0 | |a politika medzinárodná |
| 610 | 2 | 0 | |a Líbya |
| 610 | 2 | 0 | |a USA |
| 100 | 1 | |a Škvrnda, František | |